以卫星图认中国机场 难度1 Chinese airports by satellite images - Statistics

General Stats
  • This quiz has been taken 29 times
  • The average score is 20 of 42
Answer Stats
Picture Answer % Correct
上海/浦东
83%
深圳/宝安
78%
香港
78%
广州/白云
74%
北京/大兴
74%
成都/天府
61%
上海/虹桥
61%
厦门/高崎
61%
福州/长乐
61%
珠海/金湾
57%
西安/咸阳
52%
乌鲁木齐/地窝堡
52%
青岛/胶东
52%
北京/首都
48%
三亚/凤凰
48%
天津/滨海
48%
兰州/中川
48%
重庆/江北
43%
成都/双流
43%
武汉/天河
43%
贵阳/龙洞堡
43%
济南/遥墙
43%
大连/周水子
43%
昆明/长水
39%
南京/禄口
39%
海口/美兰
39%
沈阳/桃仙
39%
太原/武宿
39%
宁波/栎社
39%
台北/桃园
35%
郑州/新郑
35%
长春/龙嘉
35%
温州/龙湾
35%
合肥/新桥
35%
石家庄/正定
35%
杭州/萧山
30%
长沙/黄花
30%
哈尔滨/太平
30%
南宁/吴圩
30%
呼和浩特/白塔
30%
南昌/昌北
30%
无锡/硕放
30%
No matching quizzes found
Score Distribution
Percent of People with Each Score
Percentile by Number Answered
Your Score History
You have not taken this quiz